000
00323nam a2200133Ia 4500
008
190216s9999||||xx |||||||||||||| ||und||
100
_a
Rakhavan Nambyaer. Ak
245
0
_a
Avakala Sameekaranangal
250
_a
1st Ed.
260
_b
Kerala Bhasha Institute
_c
1978
300
_a
230
650
_a
Mathematics
942
_c
BK
999
_c
40427
_d
40427